01221nam a2200301Ia 4500001001200000003000800012006001900020007001500039008004100054010001700095020001800112020001800130040002100148035002100169050002900190082001400219245015900233260005700392300004100449500002000490533015200510650003400662650003000696655002900726700002100755710001700776856012600793ebr10546560CaPaEBRm u cr cn|||||||||120305s2012 enkaf s 001 0 eng d z 2012009483 z9781119940678 z9780470974254 aCaPaEBRcCaPaEBR a(OCoLC)78006397014aRA1199.4.A38bR46 2012eb04a572.822300aReplacing animal modelsh[electronic resource] :ba practical guide to creating and using culture-based biomimetic alternatives /cedited by Jamie Davies. aChichester, West Sussex :bJohn Wiley & Sons,c2012. axi, 201 p., [8] p. of plates :bill. aIncludes index. aElectronic reproduction.bPalo Alto, Calif. :cebrary,d2011.nAvailable via World Wide Web.nAccess may be limited to ebrary affiliated libraries. 0aAlternative toxicity testing. 0aBiomimeticsxMethodology. 7aElectronic books.2local1 aDavies, Jamie A.2 aebrary, Inc.40uhttp://site.ebrary.com/lib/rucke/Doc?id=10546560zAn electronic book accessible through the World Wide Web; click to view